Smernica Rady 2008/117/ES zo 16. decembra 2008 ...
Smernica Rady 2008/117/ES zo 16. decembra 2008, ktorou sa mení a dopĺňa Smernica 2006/112/ES o spoločnom systéme dane z pridanej hodnoty s cieľom bojovať proti daňovým podvodom spojeným s transakciami v rámci Spoločenstva
Gespeichert in:
| Format: | Buchkapitel |
|---|---|
| Sprache: | Slowakisch |
| Schlagworte: | |
| Tags: |
Keine Tags, Fügen Sie das erste Tag hinzu!
|
MARC
| LEADER | 00000naa$a2200000$$$4500 | ||
|---|---|---|---|
| 001 | 0096042 | ||
| 005 | 20230927074126.5 | ||
| 041 | 0 | |a slo | |
| 044 | |a SK | ||
| 245 | 1 | 0 | |a Smernica Rady 2008/117/ES zo 16. decembra 2008 ... |
| 520 | |a Smernica Rady 2008/117/ES zo 16. decembra 2008, ktorou sa mení a dopĺňa Smernica 2006/112/ES o spoločnom systéme dane z pridanej hodnoty s cieľom bojovať proti daňovým podvodom spojeným s transakciami v rámci Spoločenstva | ||
| 610 | 2 | 0 | |a dane z hodnoty pridanej |
| 610 | 2 | 0 | |a Európska únia |
| 610 | 2 | 0 | |a Európske spoločenstvá |
| 610 | 2 | 0 | |a smernice |
| 610 | 2 | 0 | |a podvody |